00953nam a2200193 i 450000100060000000300090000600500170001500700030003200800410003510000410007624502140011726000730033130000210040459400720042570000720049785200250056999900170059495201480061139588ES-MaACL20260127062526.0t|030303s1893 sp ||||1| spa d1 aCanalejas, José,d1854-191293438210aDiscurso leído por el presidente .... José Canalejas y Méndez en la sesión inaugural del curso de 1893 a 94 celebrada el 13 de noviembre de 1893 [en la Real Academia de Jurisprudencia y Legislación]. aMadrid : b[s.n.], c1893 (fTip. de los Hijos de M. G. Hernández) a83 p. ; c25 cm. aPrecede al tít.: Real Academia de Jurisprudencia y Legislación. aReal Academia de Jurisprudencia y Legislación de España9217612 aES-MaACLjT-689-F-10 c39588d39588 001040708Colección_de_folletosaATENEOMbATENEOMcDEPOFd2008-01-17eSCl0oT-689-F-10p1041689r2023-02-23 00:00:00w2023-02-23yFOLLETOS